000 00941nam a2200325 a 4500
003 AR-BaBNM
005 20251128205910.0
008 082120s2002 ||||||||||||||000 | spa||
020 _a950-9896-59-4
040 _cAR-BaBNM
100 1 _aLudueña, Mirta
245 0 0 _aTalleres creativos
_blengua 1er ciclo : producción del discurso, iniciación literaria
250 _a1ª ed.
260 _aBuenos Aires
_bEdiciones Docentes Argentinas
_c1994
300 _a364 p.
_bil.
650 4 _aCREATIVIDAD
650 4 _aACTIVIDADES INTEGRADAS
650 4 _aACTIVIDADES DE APRENDIZAJE
650 4 _aMOTIVACION DEL ALUMNO
650 4 _aIMAGINACION
650 4 _aEXPRESION ORAL
650 4 _aENSEÑANZA DE LA LECTURA
650 4 _aGRAMATICA
653 _aENSENANZA DE LA LENGUA
653 _aEDUCACION GENERAL BASICA
653 _aCONTENIDOS BASICOS COMUNES
653 _aTALLERES EDUCATIVOS
942 _cBK
998 _cCarmen
999 _c13204
_d13204